Nezávislosť informácií - zdravie demokracie
Z voľného expozé viceprezidenta Dow Jones and Comp. Inc. Jamesa H. Ottawaya v HNclube 6.9.1995. Firma Dow Jones vlastní akcie firmy Economie, ktorá je majiteľom a vydavateľom Hospodárskych novín v ČR a SR. Vydavateľská filozofia, záruky slobody tlače.
Salvato in:
| Autore principale: | |
|---|---|
| Natura: | Capitolo di libro |
| Lingua: | slovacco |
| Soggetti: | |
| Tags: |
Nessun Tag, puoi essere il primo ad aggiungerne!!
|
MARC
| LEADER | 00000naa a2200000 4500 | ||
|---|---|---|---|
| 001 | r018832 | ||
| 005 | 20221213095825.6 | ||
| 041 | 0 | |a slo | |
| 044 | |a SK | ||
| 245 | 1 | 0 | |a Nezávislosť informácií - zdravie demokracie |c J.H. Ottaway |
| 520 | |a Z voľného expozé viceprezidenta Dow Jones and Comp. Inc. Jamesa H. Ottawaya v HNclube 6.9.1995. Firma Dow Jones vlastní akcie firmy Economie, ktorá je majiteľom a vydavateľom Hospodárskych novín v ČR a SR. Vydavateľská filozofia, záruky slobody tlače. | ||
| 610 | 2 | 0 | |a USA |
| 610 | 2 | 0 | |a Slovensko |
| 610 | 2 | 0 | |a 1995 |
| 610 | 2 | 0 | |a tlač |
| 610 | 2 | 0 | |a noviny |
| 610 | 2 | 0 | |a žurnalistika |
| 610 | 2 | 0 | |a informácie |
| 610 | 2 | 0 | |a Dow Jones and Comp. Inc. |
| 610 | 2 | 0 | |a Economie |
| 610 | 2 | 0 | |a nezávislosť |
| 610 | 2 | 0 | |a demokracia |
| 100 | 1 | |a Ottaway, J.H. | |